00809nam a22002297a 450000500170000001000130001702000220003003500130005203700160006504000120008108200130009310000220010624502120012826000380034027000510037830000260042950000540045565000190050965000130052870000190054170000190056020170124110028.0 aA-735830 c00.00a8123903715 aA-735830 bCen Lib/Ret aDPLbEN a574bRAG aRaghuvanshi, R.K. aPractical exercises in cytology, genetics, plant breding & biostatistics :cby R.K. Raghuvanshi, A.K.S. Chauhan [and] B.A. Siddiquibfor undergarduate & postgraduate biology students of indian universities / aNew Delhi bCBS Publishers c1995 a4596, 1-A, 11 dariya ganj bNew Delhi e110002 axiii, 143p.c21cm(Hb) aIncludes bibliographical references and appendix  aPlant breeding aBiometry aChauhan, AK.S. aSiddiqui, B.A.